Apartmány Technik (Univerzitné centrum s ubytovaním)

Uložené v:
Podrobná bibliografia
Hlavný autor: Galicová, Jaroslava (Autor)
Ďalší autori: Andráš, Milan (Vedúci práce)
Médium: Rukopis Kniha
Jazyk:Slovak
Vydavateľské údaje: Bratislava 2016
Predmet:
On-line prístup:http://is.stuba.sk/zp/portal_zp.pl?podrobnosti=93837
Tagy: Pridať tag
Žiadne tagy, Buďte prvý, kto otaguje tento záznam!

MARC

LEADER 00000ntm a22000003a 4500
001 stuzp51912
003 SK-STU
005 20210222104036.6
007 ta
008 150427s2015----xo-----f-mn---000-0-slo-d
040 |a STU  |b slo 
041 0 |a slo 
100 1 |a Galicová, Jaroslava  |u 058180  |4 aut  |U FAD Fakulta architektúry  |T FA Ústav architektúry občianskych budov  |X 61979  |U A8180  |Y 399  |7 61979 
242 0 1 |a Apartmány Technik  |y eng 
245 1 0 |a Apartmány Technik (Univerzitné centrum s ubytovaním) 
260 |c 2016  |a Bratislava 
650 4 |a mestská architektúra  |2 slo 
650 4 |a život v centre  |2 slo 
650 4 |a ubytovanie  |2 slo 
650 4 |a life in the city  |2 eng 
650 4 |a Accommodation  |2 eng 
650 4 |a urban architecture  |2 eng 
700 1 |a Andráš, Milan  |u 058180  |k Z1  |4 ths  |U FAD Fakulta architektúry  |T FA Ústav architektúry občianskych budov  |X 4208  |U A8180  |Y 399  |7 A000004208 
856 4 |u http://is.stuba.sk/zp/portal_zp.pl?podrobnosti=93837  |u https://opac.crzp.sk/?fn=detailBiblioForm&sid=1080C1D973035A08742185E98A31 
SQL |a stuzp51912  |b DBP  |c SLO  |d Apartmány Technik (Univerzitné centrum s ubytovaním)  |e 61979  |f Galicová, Jaroslava  |g 058180  |h 4208  |i Andráš, Milan  |j 20160609  |k 149  |l 05  |m http://is.stuba.sk/zp/portal_zp.pl?podrobnosti=93837  |n B-AU  |o 5.1.1. architektúra a urbanizmus